Physiological and molecular basis of breeding for tolerance to biotic and abiotic stresses: A laboratory manual, IRRDB International training programme,IRRDB specialist group on physiology,IRRDB specilaist group on physiology (Record no. 44868)

MARC details
000 -LEADER
fixed length control field 00652nam a2200157Ia 4500
082 ## - DEWEY DECIMAL CLASSIFICATION NUMBER
Classification number NR:63:581.1
Item number RRI
245 #0 - TITLE STATEMENT
Title Physiological and molecular basis of breeding for tolerance to biotic and abiotic stresses: A laboratory manual, IRRDB International training programme,IRRDB specialist group on physiology,IRRDB specilaist group on physiology
260 ## - PUBLICATION, DISTRIBUTION, ETC. (IMPRINT)
Place of publication Kottayam
Name of publisher Rubber Research Institute of India
Year of publication 2012
650 ## - SUBJECT ADDED ENTRY--TOPICAL TERM
Topical Term Bioinformativcs software
650 ## - SUBJECT ADDED ENTRY--TOPICAL TERM
Topical Term DNA markers
650 ## - SUBJECT ADDED ENTRY--TOPICAL TERM
Topical Term Drought toerant hevea clones
650 ## - SUBJECT ADDED ENTRY--TOPICAL TERM
Topical Term Gas exchange studies
650 ## - SUBJECT ADDED ENTRY--TOPICAL TERM
Topical Term Water relations
942 ## - ADDED ENTRY ELEMENTS (KOHA)
Koha item type Books
Holdings
Withdrawn status Lost status Damaged status Not for loan Home library Current library Date acquired Source of acquisition Full call number Accession Number Koha item type
        RRII Library RRII Library 16/12/2021 Gift NR:63:581.1 RRI G01611 Books